| 000 | 04430namaa22004211i 4500 | ||
|---|---|---|---|
| 003 | EG-GICUC | ||
| 005 | 20260420133833.0 | ||
| 008 | 260420s2025 ua a|||frm||| 000 0 eng d | ||
| 040 |
_aEG-GICUC _beng _cEG-GICUC _dEG-GICUC _erda |
||
| 041 | 0 |
_aeng _beng _bara |
|
| 049 | _aDeposit | ||
| 082 | 0 | 4 | _a621.3121 |
| 092 |
_a621.3121 _221 |
||
| 097 | _aM.Sc | ||
| 099 | _aCai01.13.07.M.Sc.2025.Ay.D | ||
| 100 | 0 |
_aAya Mohamed Shaban, _epreparation. |
|
| 245 | 1 | 0 |
_aDesign and simulation of a solar maximum power tracking system for a water pump considering water storage facility / _cby Aya Mohamed Shaban ; Supervisors Prof. Dr. Mohamed Mohamed Fahim Sakr. |
| 246 | 1 | 5 | _aتصميم ومحاكاة نظام تتبع الطاقة الشمسية القصوى لمضخة مياه مع الأخذ في الإعتبار مرافق تخزين المياه |
| 264 | 0 | _c2025. | |
| 300 |
_a70 pages : _billustrations ; _c30 cm. + _eCD. |
||
| 336 |
_atext _2rda content |
||
| 337 |
_aUnmediated _2rdamedia |
||
| 338 |
_avolume _2rdacarrier |
||
| 502 | _aThesis (Ph.D)-Cairo University, 2025. | ||
| 504 | _aBibliography: pages 67-70. | ||
| 520 | 3 | _aPV controller is optimized when combined with loads utilizing converters. The technique to control the converter is based on algorithms that have been developed and optimized for detected MPP. Current researches in this field are focused on new and more flexible ways to change the size of the duty ratio step. In this thesis, a water pumping system was designed by determining the land area, climate, and the water well size to design the size of the motor used and the panels number with the appropriate type of converter, then designing a step size control unit for the operating ratio to track MPP of the system. The controller technique depends on training data which include in voltages that give MPP for different irradiance ,these data are used to design the rule base to determine the reference voltage. Finally, different scenarios were implemented to verify the efficiency of the proposed controller and compare it with another controller. The results showed that the proposed controller monitors the MPP in a short time with minimal error under large changes in environmental conditions than its counterpart | |
| 520 | 3 | _aفي هذا البحث تم تصميم نظام ضخ مياه مع خزان لحفظ الطاقة الزائدة على هئية مياه، اعتمد هذا التصميم على معلومات عن كمية المياه المطلوبة باستخدام برامج من منظمة الفاو للغذاء وبالتالي تم تحديد حجم المحرك وعدد الألواح الشمسية مع نوع محول التيار المناسب، ثم تصميم وحدة تحكم لايجاد اقصى طاقة باستخدام خوارزمية الاستدلال العصيى الضبابى. تعتمد هذه الخوارزمية على بيانات التدريب المتضمنة على اقصى جهد يمكن الحصول عليه من درجات الحرارة و الاشعاع المختلفة، بذلك يتم التدريب على تصميم قاعدة القواعد الخاصة به لتحديد الجهد المرجعي الذي يعطي اقصى طاقة. تم تنفيذ سيناريوهات محاكاة مختلفة للنظام للتحقق من كفاءة الخوارزم المقترح ومقارنته مع خوارزم المنطق الضبابي الكلاسيكي، أظهرت نتائج المحاكاة أن الخوارزم المقترح يصل إلى أقصى نقطة طاقة فى وقت قصير مع أقل خطأ في ظل تغيرات الظروف البيئية مقارنة بنظيره. | |
| 530 | _aIssues also as CD. | ||
| 546 | _aText in English and abstract in Arabic & English. | ||
| 650 | 0 | _aSolar Power | |
| 650 | 0 | _aالطاقة الشمسية | |
| 653 | 1 |
_aMachine Learning _aMPPT _aFuzzy Logic _aSolar water pumping system _aالطاقة الشمسية _aنظام تتبع القوة القصوى |
|
| 700 | 0 |
_aMohamed Mohamed Fahim Sakr _ethesis advisor. |
|
| 900 |
_b01-01-2025 _cMohamed Mohamed Fahim Sakr _dMohamed A. Moustafa Hassan _dAbdel Ghany Mohamed Abdel Ghany _UCairo University _FFaculty of Engineering _DDepartment of Electrical Power |
||
| 905 | _aShimaa | ||
| 942 |
_2ddc _cTH _e21 _n0 |
||
| 999 | _c179616 | ||